ELECTRONICS FUNDAMENTALS AND APPLICATIONS (Record no. 8629)

MARC details
000 -LEADER
fixed length control field 00495nam a22001817a 4500
005 - DATE AND TIME OF LATEST TRANSACTION
control field 20240902134413.0
008 - FIXED-LENGTH DATA ELEMENTS--GENERAL INFORMATION
fixed length control field 240902b |||||||| |||| 00| 0 eng d
020 ## - INTERNATIONAL STANDARD BOOK NUMBER
ISBN 978-93-93159-85-4
041 ## - LANGUAGE CODE
Language code of text/sound track or separate title eng
082 ## - DEWEY DECIMAL CLASSIFICATION NUMBER
Classification number 621.381 CHA
100 ## - MAIN ENTRY--AUTHOR NAME
Personal name CHATOPADHYAY, D AND RAKSHIT, P.C.
245 ## - TITLE STATEMENT
Title ELECTRONICS FUNDAMENTALS AND APPLICATIONS
250 ## - EDITION STATEMENT
Edition statement 17TH ED,
260 ## - PUBLICATION, DISTRIBUTION, ETC. (IMPRINT)
Place of publication NEW DELHI
Name of publisher NEW AGE INTERNATIONAL PUBLISHERS
Year of publication 2023
300 ## - PHYSICAL DESCRIPTION
Number of Pages 752;P
650 ## - SUBJECT ADDED ENTRY--TOPICAL TERM
Topical Term BMLT
942 ## - ADDED ENTRY ELEMENTS (KOHA)
Koha item type Books
Holdings
Lost status Damaged status Collection code Home library Current library Date acquired Source of acquisition Cost, normal purchase price Full call number Accession Number Koha item type Shelving location
    Bachelor of Medical Laboratory Technology JRU Library JRU Library 30/08/2024 PURCHASE 650.00 621.381 28391 Books  
    Bachelor of Medical Laboratory Technology JRU Library JRU Library 30/08/2024 PURCHASE 650.00 621.381 28392 Books SHELF-106-F